Furia / (Record no. 194706)

MARC details
000 -LEADER
campo de control de longitud fija 02094nam a2200409 i 4500
001 - NÚMERO DE CONTROL
campo de control 194706
003 - IDENTIFICADOR DE NÚMERO DE CONTROL
campo de control SpMaBN
005 - FECHA Y HORA DE LA ÚLTIMA TRANSACCIÓN
campo de control 20250804062701.0
008 - DATOS DE LONGITUD FIJA--INFORMACIÓN GENERAL
campo de control de longitud fija 240510r20172009sp 000 f spa
015 ## - NÚMERO DE BIBLIOGRAFÍA NACIONAL
Número de bibliografía nacional MON17
017 ## - NÚMERO DE COPYRIGHT O DE DEPÓSITO LEGAL
Número de copyright o de depósito legal B 14448-2017
Agencia que asigna Oficina Depósito Legal Barcelona
020 ## - NÚMERO INTERNACIONAL ESTÁNDAR DEL LIBRO
Número Internacional Estándar del Libro 9788483462089
035 ## - NÚMERO DE CONTROL DEL SISTEMA
Número de control de sistema (OCoLC)1126500082
040 ## - FUENTE DE CATALOGACIÓN
Centro catalogador/agencia de origen SpMaBN
Lengua de catalogación spa
Centro/agencia transcriptor SpMaBN
Normas de descripción rdc
Centro/agencia modificador ES-MaACL
080 ## - NÚMERO DE LA CLASIFICACIÓN DECIMAL UNIVERSAL
Número de la Clasificación Decimal Universal 821.111(540)-31"19"
100 1# - ENTRADA PRINCIPAL--NOMBRE DE PERSONA
Nombre de persona Rushdie, Salman,
Fechas asociadas al nombre 1947-
Término indicativo de función/relación Autor
9 (RLIN) 240737
240 10 - TÍTULO UNIFORME
Título uniforme Fury
Lenguaje de la obra Español
245 10 - MENCIÓN DEL TÍTULO
Título Furia /
Mención de responsabilidad, etc. Salman Rushdie ; traducción de Miguel Sáenz
250 ## - MENCION DE EDICION
Mención de edición Primera edición: marzo de 2009
Resto de la mención de edición Primera reimpresión: junio de 2017
260 ## - PUBLICACIÓN, DISTRIBUCIÓN, ETC.
Lugar de publicación, distribución, etc. [Barcelona] :
Nombre del editor, distribuidor, etc. Debolsillo,
Fecha de publicación, distribución, etc. 2017
300 ## - DESCRIPCIÓN FÍSICA
Extensión 333 páginas ;
Dimensiones 19 cm
336 ## - TIPO DE CONTENIDO
Término de tipo de contenido Texto (visual)
Fuente isbdcontent
337 ## - TIPO DE MEDIO
Nombre/término del tipo de medio sin mediación
Fuente isbdmedia
338 ## - TIPO DE SOPORTE
Fuente rdacarrier
Nombre/término del tipo de soporte volumen
490 0# - MENCIÓN DE SERIE
Mención de serie Contemporánea
520 ## - RESUMEN, ETC.
Sumario, etc. Narrando la vida de un catedrático de Cambridge de origen indio que sufre una crisis de identidad, Furia aborda originalmente la vida a caballo entre dos culturas.<br/><br/>Malik Solanka, original de Bombay, filósofo educado en Cambridge e inventor de una popular muñeca, abandona un día a su familia en Londres, sin dar ninguna explicación, y se escapa a Nueva York. Lleva la furia dentro y teme haberse convertido en un peligro para los que quiere. Llega a Nueva York en un momento de abundancia sin precedentes, el colmo de la riqueza y del poder americano, y pretende "anularse". "Cómeme, America", reza, "y dame paz". Pero la furia tambien está a su alrededor...
594 ## - NOTA AL TITULO Y MENCION DE RESPONSABILIDAD
Nota al título y mención de responsabilidad Título original: Fury
655 #0 - TERMINO DE INDIZACIÓN--GENERO/FORMA
Datos o término principal de género/forma Novelas
9 (RLIN) 234319
700 1# - ENTRADA AGREGADA--NOMBRE PERSONAL
Nombre de persona Sáenz, Miguel,
Fechas asociadas al nombre 1932-
Término indicativo de función/relación Traductor
9 (RLIN) 101299
852 ## - LOCALIZACIÓN
Ubicación ES-MaACL
Ubicación en estantería Depósito J
Número de control de estantería N-9972
Encuadernación Encuadernación rústica
Donativo/Legado Donación: Editorial
itemnumber 205877
942 ## - ELEMENTOS DE ENTRADA SECUNDARIOS (KOHA)
Tipo de ítem Koha Libro impreso
Suprimir en OPAC No
Holdings
Estatus retirado Estado de pérdida Fuente del sistema de clasificación o colocación Estado de daño No para préstamo Biblioteca de origen Biblioteca actual Ubicación en estantería Fecha de adquisición Fuente de adquisición Total de préstamos Signatura topográfica completa Código de barras Visto por última vez Precio de reemplazo Tipo de ítem Koha
    Clasificación decimal universal     Biblioteca del Ateneo de Madrid Biblioteca del Ateneo de Madrid Depósito J 28/05/2025 Donación   N-9972 101230214 28/05/2025 28/05/2025 Libro impreso